000 00508cam a2200145 4500500
005 20260222011620.0
041 _afre
042 _adc
100 1 0 _aBarberis, Pierre
_eauthor
700 1 0 _aBirat, Jean-Pierre
_eauthor
700 1 0 _aChampion, Yannick
_eauthor
245 0 0 _aMétaux et alliages non ferreux
260 _bTechniques de l'ingénieur,
_c2025.
856 4 1 _uhttps://stm.cairn.info/techniques-de-l-ingenieur-metaux-et-alliages-non-ferreux--42357210?lang=fr&redirect-ssocas=7080
999 _c1669861
_d1669861